Normal view
MARC view
Entry Personal Name
001 - CONTROL NUMBER
- control field: 84702
003 - CONTROL NUMBER IDENTIFIER
- control field: dpl
005 - DATE AND TIME OF LATEST TRANSACTION
- control field: 20250904112729.0
008 - FIXED-LENGTH DATA ELEMENTS
- fixed length control field: 250904|| aca||aabn | a|a d
040 ## - CATALOGING SOURCE
- Original cataloging agency: dpl
- Transcribing agency: dpl
100 ## - HEADING--PERSONAL NAME
- Personal name: गोयल, प्रीतिप्रभा
670 ## - SOURCE DATA FOUND
- Source citation: Work cat.: (dpl)210053: गोयल, प्रीतिप्रभा , कल्हण कृत राजतरंगिणी:, 2024
